[Event "ODJM B 2023"]
[Site "Willingen GER"]
[Date "2023.05.31"]
[Round "5"]
[White "Kutz, Ida Klara"]
[Black "Müller, Sophie Charlotte"]
[Result "0-1"]
[Termination "normal"]
[Board "30"]
[WhiteElo "1411"]
[BlackElo "1442"]
[WhiteClock "00:11:39"]
[BlackClock "00:06:11"]
[PlyCount "76"]
[WhiteFideId "16296257"]
[BlackFideId "16246683"]
[EventCountry "GER"]
[EventRounds "9"]
[EventType "swiss"]
[EventDate "2023.05.27"]

1. Nf3 {[%clk 01:30:58]} {[%emt 00:00:02]} d5 {[%clk 01:30:54]} {[%emt
00:00:06]} 2. g3 {[%clk 01:31:20]} {[%emt 00:00:07]} Bg4 {[%clk 01:31:16]}
{[%emt 00:00:08]} 3. Bg2 {[%clk 01:31:31]} {[%emt 00:00:19]} Nd7 {[%clk
01:31:14]} {[%emt 00:00:33]} 4. O-O {[%clk 01:31:16]} {[%emt 00:00:45]} c6
{[%clk 01:30:50]} {[%emt 00:00:54]} 5. d3 {[%clk 01:30:36]} {[%emt 00:01:09]}
e6 {[%clk 01:30:04]} {[%emt 00:01:15]} 6. c4 {[%clk 01:30:10]} {[%emt
00:00:57]} Ngf6 {[%clk 01:29:26]} {[%emt 00:01:08]} 7. Nc3 {[%clk 01:28:29]}
{[%emt 00:02:11]} Be7 {[%clk 01:28:53]} {[%emt 00:01:02]} 8. b3 {[%clk
01:28:16]} {[%emt 00:00:44]} O-O {[%clk 01:29:02]} {[%emt 00:00:20]} 9. Bb2
{[%clk 01:26:54]} {[%emt 00:01:53]} Re8 {[%clk 01:26:32]} {[%emt 00:03:01]} 10.
Qc2 {[%clk 01:25:41]} {[%emt 00:01:43]} Bf8 {[%clk 01:20:33]} {[%emt 00:06:28]}
11. d4 {[%clk 01:22:17]} {[%emt 00:03:54]} Rc8 {[%clk 00:53:54]} {[%emt
00:27:09]} 12. e4 {[%clk 01:19:08]} {[%emt 00:03:38]} Bxf3 {[%clk 00:40:09]}
{[%emt 00:14:16]} 13. Bxf3 {[%clk 01:19:24]} {[%emt 00:00:14]} e5 {[%clk
00:38:58]} {[%emt 00:01:41]} 14. exd5 {[%clk 01:13:36]} {[%emt 00:06:18]} exd4
{[%clk 00:33:01]} {[%emt 00:06:28]} 15. Ne2 {[%clk 01:12:52]} {[%emt 00:01:13]}
c5 {[%clk 00:31:49]} {[%emt 00:01:42]} 16. Bg2 {[%clk 01:08:43]} {[%emt
00:04:37]} Ne5 {[%clk 00:28:23]} {[%emt 00:03:57]} 17. Nf4 {[%clk 01:05:58]}
{[%emt 00:03:16]} Bd6 {[%clk 00:24:21]} {[%emt 00:04:32]} 18. Rfe1 {[%clk
01:01:42]} {[%emt 00:04:46]} Qc7 {[%clk 00:23:01]} {[%emt 00:01:50]} 19. Qf5
{[%clk 00:56:02]} {[%emt 00:06:10]} Qa5 {[%clk 00:13:12]} {[%emt 00:10:19]} 20.
Re2 {[%clk 00:45:24]} {[%emt 00:11:08]} Rc7 {[%clk 00:09:38]} {[%emt 00:04:04]}
21. Nh5 {[%clk 00:40:29]} {[%emt 00:05:25]} Nxh5 {[%clk 00:08:27]} {[%emt
00:01:41]} 22. Qxh5 {[%clk 00:34:16]} {[%emt 00:06:43]} Rce7 {[%clk 00:08:42]}
{[%emt 00:00:14]} 23. Kh1 {[%clk 00:26:40]} {[%emt 00:08:06]} Nd3 {[%clk
00:05:55]} {[%emt 00:03:17]} 24. Bf3 {[%clk 00:19:20]} {[%emt 00:07:51]} Rxe2
{[%clk 00:05:49]} {[%emt 00:00:37]} 25. Bxe2 {[%clk 00:19:38]} {[%emt
00:00:12]} Nxb2 {[%clk 00:06:09]} {[%emt 00:00:10]} 26. Bf3 {[%clk 00:14:14]}
{[%emt 00:05:53]} Re1+ {[%clk 00:06:11]} {[%emt 00:00:28]} 27. Rxe1 {[%clk
00:14:38]} {[%emt 00:00:07]} Qxe1+ {[%clk 00:06:06]} {[%emt 00:00:03]} 28. Kg2
{[%clk 00:15:01]} {[%emt 00:00:14]} Qe5 {[%clk 00:05:11]} {[%emt 00:01:54]} 29.
Qxe5 {[%clk 00:14:41]} {[%emt 00:00:50]} Bxe5 {[%clk 00:05:40]} {[%emt
00:00:02]} 30. Kf1 {[%clk 00:13:12]} {[%emt 00:01:58]} d3 {[%clk 00:05:14]}
{[%emt 00:00:56]} 31. d6 {[%clk 00:11:43]} {[%emt 00:01:59]} Kf8 {[%clk
00:04:23]} {[%emt 00:01:22]} 32. Be2 {[%clk 00:10:06]} {[%emt 00:02:07]} dxe2+
{[%clk 00:04:39]} {[%emt 00:00:14]} 33. Kxe2 {[%clk 00:10:32]} {[%emt
00:00:03]} Bxd6 {[%clk 00:04:48]} {[%emt 00:00:22]} 34. f4 {[%clk 00:10:47]}
{[%emt 00:00:14]} h6 {[%clk 00:04:35]} {[%emt 00:00:43]} 35. Kd2 {[%clk
00:11:04]} {[%emt 00:00:13]} g5 {[%clk 00:04:55]} {[%emt 00:00:10]} 36. Kc2
{[%clk 00:10:53]} {[%emt 00:00:41]} Nxc4 {[%clk 00:05:19]} {[%emt 00:00:07]}
37. bxc4 {[%clk 00:11:17]} {[%emt 00:00:06]} gxf4 {[%clk 00:05:45]} {[%emt
00:00:04]} 38. gxf4 {[%clk 00:11:39]} {[%emt 00:00:08]} Bxf4 {[%clk 00:06:11]}
{[%emt 00:00:04]} 0-1

[Event "ODJM B 2023"]
[Site "Willingen GER"]
[Date "2023.05.31"]
[Round "5"]
[White "Kanno, Clara Yumi"]
[Black "Brandt, Clara"]
[Result "1-0"]
[Termination "normal"]
[Board "31"]
[WhiteElo "1358"]
[BlackElo "1254"]
[WhiteClock "00:18:20"]
[BlackClock "00:02:50"]
[PlyCount "95"]
[WhiteFideId "16259661"]
[BlackFideId "34614737"]
[EventCountry "GER"]
[EventRounds "9"]
[EventType "swiss"]
[EventDate "2023.05.27"]

1. d4 {[%clk 01:30:55]} {[%emt 00:00:04]} Nf6 {[%clk 01:30:53]} {[%emt
00:00:08]} 2. Nf3 {[%clk 01:31:08]} {[%emt 00:00:17]} d5 {[%clk 01:30:35]}
{[%emt 00:00:48]} 3. e3 {[%clk 01:30:20]} {[%emt 00:01:19]} c5 {[%clk
01:30:30]} {[%emt 00:00:35]} 4. c3 {[%clk 01:30:27]} {[%emt 00:00:23]} cxd4
{[%clk 01:30:34]} {[%emt 00:00:25]} 5. exd4 {[%clk 01:30:42]} {[%emt 00:00:16]}
Bg4 {[%clk 01:27:43]} {[%emt 00:03:21]} 6. Bd3 {[%clk 01:24:07]} {[%emt
00:07:05]} Nc6 {[%clk 01:25:17]} {[%emt 00:02:55]} 7. O-O {[%clk 01:22:45]}
{[%emt 00:01:52]} e6 {[%clk 01:23:34]} {[%emt 00:02:14]} 8. h3 {[%clk
01:21:55]} {[%emt 00:01:19]} Bxf3 {[%clk 01:23:18]} {[%emt 00:00:46]} 9. Qxf3
{[%clk 01:22:17]} {[%emt 00:00:08]} Bd6 {[%clk 01:20:41]} {[%emt 00:03:07]} 10.
Bg5 {[%clk 01:21:00]} {[%emt 00:01:46]} O-O {[%clk 01:16:47]} {[%emt 00:04:25]}
11. Qd1 {[%clk 01:17:51]} {[%emt 00:03:39]} h6 {[%clk 01:14:35]} {[%emt
00:02:43]} 12. Be3 {[%clk 01:17:24]} {[%emt 00:00:54]} Qc7 {[%clk 01:01:45]}
{[%emt 00:13:22]} 13. f4 {[%clk 01:14:48]} {[%emt 00:03:06]} a6 {[%clk
00:58:15]} {[%emt 00:04:01]} 14. Nd2 {[%clk 01:07:06]} {[%emt 00:08:11]} b5
{[%clk 00:55:40]} {[%emt 00:03:06]} 15. g4 {[%clk 01:01:53]} {[%emt 00:05:42]}
Nh7 {[%clk 00:49:01]} {[%emt 00:07:09]} 16. g5 {[%clk 00:58:06]} {[%emt
00:04:17]} f5 {[%clk 00:44:31]} {[%emt 00:05:00]} 17. gxh6 {[%clk 00:53:52]}
{[%emt 00:04:44]} g6 {[%clk 00:42:08]} {[%emt 00:02:53]} 18. Qf3 {[%clk
00:51:22]} {[%emt 00:02:58]} Rf6 {[%clk 00:40:04]} {[%emt 00:02:36]} 19. Kh1
{[%clk 00:49:20]} {[%emt 00:02:32]} Kh8 {[%clk 00:32:04]} {[%emt 00:08:30]} 20.
Rg1 {[%clk 00:46:07]} {[%emt 00:03:43]} Rg8 {[%clk 00:30:58]} {[%emt 00:01:37]}
21. Rg2 {[%clk 00:42:45]} {[%emt 00:03:52]} Rff8 {[%clk 00:27:26]} {[%emt
00:04:00]} 22. Rag1 {[%clk 00:40:23]} {[%emt 00:02:53]} Qf7 {[%clk 00:26:12]}
{[%emt 00:01:44]} 23. Qf2 {[%clk 00:33:31]} {[%emt 00:07:22]} Rb8 {[%clk
00:22:00]} {[%emt 00:04:43]} 24. Nf3 {[%clk 00:31:11]} {[%emt 00:02:49]} Ne7
{[%clk 00:20:22]} {[%emt 00:02:09]} 25. h4 {[%clk 00:30:29]} {[%emt 00:01:11]}
Nf6 {[%clk 00:19:33]} {[%emt 00:01:19]} 26. Ng5 {[%clk 00:30:04]} {[%emt
00:00:55]} Qf8 {[%clk 00:18:44]} {[%emt 00:01:19]} 27. h7 {[%clk 00:25:51]}
{[%emt 00:04:44]} Nxh7 {[%clk 00:17:42]} {[%emt 00:01:31]} 28. Nxe6 {[%clk
00:25:17]} {[%emt 00:01:04]} Qf6 {[%clk 00:16:31]} {[%emt 00:01:40]} 29. Ng5
{[%clk 00:25:16]} {[%emt 00:00:32]} Rg7 {[%clk 00:14:49]} {[%emt 00:02:12]} 30.
Qf3 {[%clk 00:21:41]} {[%emt 00:04:05]} a5 {[%clk 00:11:39]} {[%emt 00:03:40]}
31. h5 {[%clk 00:18:45]} {[%emt 00:03:26]} Nxg5 {[%clk 00:07:50]} {[%emt
00:04:19]} 32. fxg5 {[%clk 00:18:50]} {[%emt 00:00:25]} Qf7 {[%clk 00:07:47]}
{[%emt 00:00:33]} 33. h6 {[%clk 00:18:31]} {[%emt 00:00:48]} Rh7 {[%clk
00:06:51]} {[%emt 00:01:27]} 34. Bf4 {[%clk 00:18:32]} {[%emt 00:00:28]} Qe6
{[%clk 00:05:13]} {[%emt 00:02:09]} 35. Re2 {[%clk 00:18:18]} {[%emt 00:00:44]}
Qd7 {[%clk 00:05:10]} {[%emt 00:00:33]} 36. Rge1 {[%clk 00:17:53]} {[%emt
00:00:55]} b4 {[%clk 00:04:24]} {[%emt 00:01:17]} 37. Re6 {[%clk 00:17:53]}
{[%emt 00:00:28]} Bxf4 {[%clk 00:03:38]} {[%emt 00:01:17]} 38. Qxf4 {[%clk
00:18:16]} {[%emt 00:00:07]} Ra8 {[%clk 00:03:01]} {[%emt 00:01:06]} 39. Qe5+
{[%clk 00:17:49]} {[%emt 00:00:57]} Kg8 {[%clk 00:02:59]} {[%emt 00:00:33]} 40.
Rxe7 {[%clk 00:17:52]} {[%emt 00:00:27]} Rxe7 {[%clk 00:02:52]} {[%emt
00:00:37]} 41. Qxe7 {[%clk 00:18:16]} {[%emt 00:00:06]} Qxe7 {[%clk 00:03:05]}
{[%emt 00:00:17]} 42. Rxe7 {[%clk 00:18:42]} {[%emt 00:00:04]} Kh8 {[%clk
00:03:00]} {[%emt 00:00:35]} 43. c4 {[%clk 00:17:29]} {[%emt 00:01:43]} dxc4
{[%clk 00:02:38]} {[%emt 00:00:52]} 44. Bxc4 {[%clk 00:17:46]} {[%emt
00:00:13]} Rc8 {[%clk 00:02:51]} {[%emt 00:00:17]} 45. b3 {[%clk 00:17:56]}
{[%emt 00:00:21]} f4 {[%clk 00:02:51]} {[%emt 00:00:30]} 46. Kg2 {[%clk
00:17:51]} {[%emt 00:00:34]} Rf8 {[%clk 00:03:01]} {[%emt 00:00:21]} 47. Kf3
{[%clk 00:18:07]} {[%emt 00:00:13]} Rd8 {[%clk 00:02:50]} {[%emt 00:00:41]} 48.
d5 {[%clk 00:18:20]} {[%emt 00:00:18]} 1-0

[Event "ODJM B 2023"]
[Site "Willingen GER"]
[Date "2023.05.31"]
[Round "5"]
[White "Heitmann, Erik"]
[Black "Loßin, Charlotte"]
[Result "1/2-1/2"]
[Termination "normal"]
[Board "32"]
[WhiteElo "1236"]
[BlackElo "1518"]
[WhiteClock "01:01:52"]
[BlackClock "00:20:15"]
[PlyCount "98"]
[WhiteFideId "34608940"]
[BlackFideId "16218345"]
[EventCountry "GER"]
[EventRounds "9"]
[EventType "swiss"]
[EventDate "2023.05.27"]

1. d4 {[%clk 01:30:57]} {[%emt 00:00:03]} d5 {[%clk 01:30:55]} {[%emt
00:00:05]} 2. Nf3 {[%clk 01:31:20]} {[%emt 00:00:07]} e6 {[%clk 01:31:05]}
{[%emt 00:00:21]} 3. c4 {[%clk 01:31:36]} {[%emt 00:00:13]} c6 {[%clk
01:31:26]} {[%emt 00:00:09]} 4. b3 {[%clk 01:31:16]} {[%emt 00:00:51]} Nf6
{[%clk 01:30:35]} {[%emt 00:01:21]} 5. e3 {[%clk 01:31:17]} {[%emt 00:00:29]}
Bd6 {[%clk 01:30:35]} {[%emt 00:00:30]} 6. Be2 {[%clk 01:29:47]} {[%emt
00:02:00]} Ne4 {[%clk 01:29:28]} {[%emt 00:01:36]} 7. O-O {[%clk 01:29:25]}
{[%emt 00:00:52]} O-O {[%clk 01:29:44]} {[%emt 00:00:14]} 8. Bb2 {[%clk
01:28:36]} {[%emt 00:01:20]} Bd7 {[%clk 01:28:59]} {[%emt 00:01:14]} 9. Qc2
{[%clk 01:26:23]} {[%emt 00:02:43]} f5 {[%clk 01:27:05]} {[%emt 00:02:24]} 10.
Ba3 {[%clk 01:25:36]} {[%emt 00:01:17]} Be8 {[%clk 01:26:10]} {[%emt 00:01:25]}
11. Bxd6 {[%clk 01:25:20]} {[%emt 00:00:46]} Qxd6 {[%clk 01:25:35]} {[%emt
00:01:05]} 12. Ne5 {[%clk 01:25:02]} {[%emt 00:00:48]} Nd7 {[%clk 01:23:17]}
{[%emt 00:02:48]} 13. Nxd7 {[%clk 01:21:01]} {[%emt 00:04:31]} Qxd7 {[%clk
01:23:06]} {[%emt 00:00:41]} 14. Na3 {[%clk 01:19:42]} {[%emt 00:01:49]} Qe7
{[%clk 01:20:33]} {[%emt 00:03:04]} 15. Qb2 {[%clk 01:18:41]} {[%emt 00:01:30]}
g5 {[%clk 01:17:08]} {[%emt 00:03:55]} 16. f3 {[%clk 01:18:29]} {[%emt
00:00:42]} Nf6 {[%clk 01:16:58]} {[%emt 00:00:40]} 17. Nc2 {[%clk 01:17:33]}
{[%emt 00:01:26]} Qg7 {[%clk 01:14:04]} {[%emt 00:03:24]} 18. g3 {[%clk
01:14:13]} {[%emt 00:03:50]} g4 {[%clk 01:11:32]} {[%emt 00:03:02]} 19. f4
{[%clk 01:13:21]} {[%emt 00:01:22]} h5 {[%clk 01:06:44]} {[%emt 00:05:18]} 20.
Ne1 {[%clk 01:11:08]} {[%emt 00:02:43]} h4 {[%clk 00:59:22]} {[%emt 00:07:52]}
21. gxh4 {[%clk 01:09:26]} {[%emt 00:02:12]} g3 {[%clk 00:58:17]} {[%emt
00:01:35]} 22. h3 {[%clk 01:08:52]} {[%emt 00:01:04]} Ne4 {[%clk 00:56:33]}
{[%emt 00:02:15]} 23. Bf3 {[%clk 01:07:14]} {[%emt 00:02:07]} Nf2 {[%clk
00:54:58]} {[%emt 00:02:04]} 24. Rxf2 {[%clk 01:05:36]} {[%emt 00:02:09]} gxf2+
{[%clk 00:54:56]} {[%emt 00:00:32]} 25. Kxf2 {[%clk 01:05:42]} {[%emt
00:00:24]} Kh7 {[%clk 00:49:36]} {[%emt 00:05:50]} 26. Bg2 {[%clk 01:01:08]}
{[%emt 00:05:03]} Rg8 {[%clk 00:48:53]} {[%emt 00:01:13]} 27. Kf1 {[%clk
01:01:04]} {[%emt 00:00:34]} Qg3 {[%clk 00:44:58]} {[%emt 00:04:26]} 28. Qf2
{[%clk 00:58:39]} {[%emt 00:02:54]} Bh5 {[%clk 00:39:57]} {[%emt 00:05:32]} 29.
Nd3 {[%clk 00:55:05]} {[%emt 00:04:04]} Qxf2+ {[%clk 00:33:41]} {[%emt
00:06:46]} 30. Kxf2 {[%emt 00:00:15]} Rae8 {[%clk 00:29:26]} {[%emt 00:04:43]}
31. Rg1 {[%clk 00:54:05]} {[%emt 00:01:47]} Re7 {[%clk 00:26:34]} {[%emt
00:03:22]} 32. Ne5 {[%clk 00:47:48]} {[%emt 00:06:47]} a5 {[%clk 00:20:14]}
{[%emt 00:06:50]} 33. Rb1 {[%clk 00:45:51]} {[%emt 00:02:26]} Reg7 {[%clk
00:18:58]} {[%emt 00:01:47]} 34. Bf1 {[%clk 00:44:48]} {[%emt 00:01:33]} Ra8
{[%clk 00:13:38]} {[%emt 00:05:50]} 35. Bg2 {[%clk 00:44:19]} {[%emt 00:00:59]}
a4 {[%clk 00:12:48]} {[%emt 00:01:20]} 36. b4 {[%clk 00:43:47]} {[%emt
00:01:01]} Be2 {[%clk 00:11:12]} {[%emt 00:02:06]} 37. c5 {[%clk 00:43:41]}
{[%emt 00:00:37]} Bc4 {[%clk 00:10:59]} {[%emt 00:00:43]} 38. a3 {[%clk
00:43:21]} {[%emt 00:00:50]} Bb3 {[%clk 00:09:25]} {[%emt 00:02:04]} 39. Rg1
{[%clk 00:40:36]} {[%emt 00:03:12]} Kh6 {[%clk 00:03:38]} {[%emt 00:06:20]} 40.
Nf3 {[%clk 00:39:40]} {[%emt 00:01:25]} Kh5 {[%clk 00:01:59]} {[%emt 00:02:10]}
41. Ng5 {[%clk 00:38:50]} {[%emt 00:01:19]} Kxh4 {[%clk 00:01:28]} {[%emt
00:01:01]} 42. Nxe6 {[%clk 00:38:57]} {[%emt 00:00:24]} Re7 {[%clk 00:01:40]}
{[%emt 00:00:18]} 43. Ng5 {[%clk 00:38:58]} {[%emt 00:00:30]} Rae8 {[%clk
00:01:02]} {[%emt 00:01:08]} 44. Re1 {[%clk 00:34:46]} {[%emt 00:04:40]} Bc2
{[%clk 00:26:47]} {[%emt 00:04:46]} 45. Nf3+ {[%emt 00:00:47]} Kh5 {[%clk
00:26:56]} {[%emt 00:00:19]} 46. Ng5 {[%clk 01:02:31]} {[%emt 00:02:29]} Be4
{[%clk 00:22:08]} {[%emt 00:05:19]} 47. Bxe4 {[%clk 01:02:07]} {[%emt
00:00:54]} dxe4 {[%clk 00:22:06]} {[%emt 00:00:32]} 48. Kg3 {[%clk 01:01:54]}
{[%emt 00:00:42]} Rg7 {[%clk 00:20:42]} {[%emt 00:01:54]} 49. h4 {[%clk
01:01:52]} {[%emt 00:00:33]} Kg6 {[%clk 00:20:15]} {[%emt 00:00:57]} 1/2-1/2

[Event "ODJM B 2023"]
[Site "Willingen GER"]
[Date "2023.05.31"]
[Round "5"]
[White "Tulchynsky, Mark"]
[Black "Jansen, Malte"]
[Result "0-1"]
[Termination "normal"]
[Board "33"]
[WhiteElo "1425"]
[BlackElo "1503"]
[WhiteClock "00:34:05"]
[BlackClock "00:48:52"]
[PlyCount "116"]
[WhiteFideId "34617698"]
[BlackFideId "16295137"]
[EventCountry "GER"]
[EventRounds "9"]
[EventType "swiss"]
[EventDate "2023.05.27"]

1. e4 {[%clk 01:30:58]} {[%emt 00:00:01]} e5 {[%clk 01:30:48]} {[%emt
00:00:12]} 2. f4 {[%clk 01:31:25]} {[%emt 00:00:04]} exf4 {[%clk 01:30:58]}
{[%emt 00:00:20]} 3. Nf3 {[%clk 01:31:51]} {[%emt 00:00:03]} Be7 {[%clk
01:30:37]} {[%emt 00:00:51]} 4. Bc4 {[%clk 01:31:58]} {[%emt 00:00:24]} Nc6
{[%clk 01:29:34]} {[%emt 00:01:33]} 5. O-O {[%clk 01:31:29]} {[%emt 00:00:59]}
d6 {[%clk 01:28:23]} {[%emt 00:01:40]} 6. d4 {[%clk 01:27:53]} {[%emt
00:04:07]} Nf6 {[%clk 01:25:56]} {[%emt 00:02:56]} 7. Nc3 {[%clk 01:13:17]}
{[%emt 00:15:07]} O-O {[%clk 01:22:56]} {[%emt 00:03:29]} 8. Bxf4 {[%clk
01:01:03]} {[%emt 00:12:44]} Nxe4 {[%clk 01:16:41]} {[%emt 00:06:45]} 9. Nxe4
{[%clk 00:57:08]} {[%emt 00:04:25]} d5 {[%clk 01:16:55]} {[%emt 00:00:16]} 10.
Bd3 {[%clk 00:56:14]} {[%emt 00:01:25]} dxe4 {[%clk 01:17:01]} {[%emt
00:00:24]} 11. Bxe4 {[%clk 00:56:43]} Bg4 {[%clk 01:14:09]} {[%emt 00:03:20]}
12. c3 {[%clk 00:53:27]} {[%emt 00:03:47]} h6 {[%clk 01:06:08]} {[%emt
00:08:30]} 13. Qd3 {[%clk 00:49:19]} {[%emt 00:04:39]} Bd6 {[%clk 01:03:22]}
{[%emt 00:03:16]} 14. Bxd6 {[%clk 00:46:33]} {[%emt 00:03:17]} Qxd6 {[%clk
01:03:20]} {[%emt 00:00:31]} 15. Bxc6 {[%clk 00:46:47]} {[%emt 00:00:16]} bxc6
{[%clk 01:00:57]} {[%emt 00:02:53]} 16. Ne5 {[%clk 00:46:46]} {[%emt 00:00:32]}
Be6 {[%clk 01:00:15]} {[%emt 00:01:11]} 17. b3 {[%clk 00:42:41]} {[%emt
00:04:36]} Rad8 {[%clk 00:56:11]} {[%emt 00:04:33]} 18. Rad1 {[%clk 00:36:27]}
{[%emt 00:06:44]} c5 {[%clk 00:54:54]} {[%emt 00:01:46]} 19. Qb5 {[%clk
00:23:10]} {[%emt 00:13:48]} cxd4 {[%clk 00:51:09]} {[%emt 00:04:15]} 20. Rxd4
{[%clk 00:21:09]} {[%emt 00:02:32]} Qb6 {[%clk 00:47:09]} {[%emt 00:04:30]} 21.
Qxb6 {[%clk 00:21:03]} {[%emt 00:00:36]} axb6 {[%clk 00:47:22]} {[%emt
00:00:17]} 22. Rfd1 {[%clk 00:20:46]} {[%emt 00:00:47]} Rxd4 {[%clk 00:47:05]}
{[%emt 00:00:46]} 23. Rxd4 {[%clk 00:21:06]} {[%emt 00:00:10]} Ra8 {[%clk
00:47:18]} {[%emt 00:00:16]} 24. Rd2 {[%clk 00:21:24]} {[%emt 00:00:14]} f6
{[%clk 00:42:55]} {[%emt 00:04:53]} 25. Nc6 {[%clk 00:21:38]} {[%emt 00:00:15]}
Kf7 {[%clk 00:42:20]} {[%emt 00:01:05]} 26. Kf2 {[%clk 00:20:58]} {[%emt
00:01:11]} g5 {[%clk 00:40:27]} {[%emt 00:02:10]} 27. Kf3 {[%clk 00:18:10]}
{[%emt 00:03:30]} Kg6 {[%clk 00:38:42]} {[%emt 00:02:15]} 28. g4 {[%clk
00:15:49]} {[%emt 00:02:52]} h5 {[%clk 00:36:09]} {[%emt 00:03:02]} 29. h3
{[%clk 00:15:06]} {[%emt 00:01:13]} hxg4+ {[%clk 00:34:59]} {[%emt 00:01:40]}
30. hxg4 {[%clk 00:15:27]} {[%emt 00:00:09]} Rh8 {[%clk 00:34:39]} {[%emt
00:00:49]} 31. Kg3 {[%clk 00:13:52]} {[%emt 00:02:07]} Rh1 {[%clk 00:33:02]}
{[%emt 00:02:05]} 32. Nd4 {[%clk 00:10:02]} {[%emt 00:04:21]} Bc8 {[%clk
00:30:24]} {[%emt 00:03:07]} 33. Nf3 {[%clk 00:09:19]} {[%emt 00:01:13]} Rh8
{[%clk 00:26:38]} {[%emt 00:04:16]} 34. Re2 {[%clk 00:08:39]} {[%emt 00:01:11]}
Kf7 {[%clk 00:25:25]} {[%emt 00:01:43]} 35. Rh2 {[%clk 00:04:31]} {[%emt
00:04:39]} Rxh2 {[%clk 00:25:04]} {[%emt 00:00:51]} 36. Nxh2 {[%clk 00:04:50]}
{[%emt 00:00:11]} Ke6 {[%clk 00:24:55]} {[%emt 00:00:38]} 37. Kf3 {[%clk
00:03:37]} {[%emt 00:01:44]} Ke5 {[%clk 00:24:19]} {[%emt 00:01:05]} 38. Ke3
{[%clk 00:03:50]} {[%emt 00:00:18]} f5 {[%clk 00:22:49]} {[%emt 00:01:59]} 39.
Nf3+ {[%clk 00:03:22]} {[%emt 00:00:58]} Kf6 {[%clk 00:22:59]} {[%emt
00:00:20]} 40. gxf5 {[%clk 00:03:43]} {[%emt 00:00:09]} Kxf5 {[%clk 00:23:08]}
{[%emt 00:00:21]} 41. Nd4+ {[%clk 00:03:43]} {[%emt 00:00:31]} Kg4 {[%clk
00:22:55]} {[%emt 00:00:42]} 42. Kf2 {[%clk 00:04:00]} {[%emt 00:00:13]} Kf4
{[%clk 00:21:55]} {[%emt 00:01:29]} 43. a4 {[%clk 00:00:50]} {[%emt 00:03:42]}
Bd7 {[%clk 00:19:10]} {[%emt 00:03:14]} 44. c4 {[%clk 00:29:37]} {[%emt
00:01:43]} Ke4 {[%clk 00:48:41]} {[%emt 00:00:58]} 45. Nb5 {[%clk 00:29:57]}
{[%emt 00:00:11]} Bxb5 {[%clk 00:46:03]} {[%emt 00:03:08]} 46. cxb5 {[%clk
00:30:01]} {[%emt 00:00:26]} Kd4 {[%clk 00:46:27]} {[%emt 00:00:06]} 47. b4
{[%clk 00:29:31]} {[%emt 00:01:00]} Kc4 {[%clk 00:46:45]} {[%emt 00:00:12]} 48.
a5 {[%clk 00:29:57]} {[%emt 00:00:04]} bxa5 {[%clk 00:46:56]} {[%emt 00:00:19]}
49. bxa5 {[%clk 00:30:21]} {[%emt 00:00:06]} Kxb5 {[%clk 00:47:23]} {[%emt
00:00:03]} 50. Kg3 {[%clk 00:30:45]} {[%emt 00:00:07]} Kxa5 {[%clk 00:47:45]}
{[%emt 00:00:08]} 51. Kg4 {[%clk 00:31:10]} {[%emt 00:00:04]} Kb5 {[%clk
00:47:31]} {[%emt 00:00:43]} 52. Kxg5 {[%clk 00:31:36]} {[%emt 00:00:05]} Kc5
{[%clk 00:47:17]} {[%emt 00:00:44]} 53. Kf4 {[%clk 00:31:59]} {[%emt 00:00:07]}
Kd4 {[%clk 00:47:28]} {[%emt 00:00:20]} 54. Kf3 {[%clk 00:32:19]} {[%emt
00:00:09]} Kd3 {[%clk 00:47:40]} {[%emt 00:00:17]} 55. Kf2 {[%clk 00:32:45]}
{[%emt 00:00:05]} Kd2 {[%clk 00:48:04]} {[%emt 00:00:06]} 56. Kf3 {[%clk
00:33:09]} {[%emt 00:00:06]} c5 {[%clk 00:48:22]} {[%emt 00:00:13]} 57. Ke4
{[%clk 00:33:36]} {[%emt 00:00:02]} c4 {[%clk 00:48:37]} {[%emt 00:00:15]} 58.
Kd4 {[%clk 00:34:05]} {[%emt 00:00:01]} c3 {[%clk 00:48:52]} {[%emt 00:00:16]}
0-1